Gallium arsenide IC technology principles and practice
Spremljeno u:
| Glavni autor: | |
|---|---|
| Format: | Knjiga |
| Jezik: | Undetermined |
| Izdano: |
Blue ridge Summmit
TAB Books Inc.
1988
|
| Teme: | |
| Oznake: |
Dodaj oznaku
Bez oznaka, Budi prvi tko označuje ovaj zapis!
|
| Thư viện lưu trữ: | Trung tâm Học liệu Trường Đại học Cần Thơ |
|---|
| LEADER | 00563nam a2200193Ia 4500 | ||
|---|---|---|---|
| 001 | CTU_82625 | ||
| 008 | 210402s9999 xx 000 0 und d | ||
| 082 | |a 621.381 | ||
| 082 | |b S297 | ||
| 100 | |a Sclate, Neil | ||
| 245 | 0 | |a Gallium arsenide IC technology principles and practice | |
| 245 | 0 | |c Neil Sclate | |
| 260 | |a Blue ridge Summmit | ||
| 260 | |b TAB Books Inc. | ||
| 260 | |c 1988 | ||
| 650 | |a Gallium arsenide semiconductors | ||
| 650 | |x Design and construction | ||
| 904 | |i QHieu(sửa) | ||
| 980 | |a Trung tâm Học liệu Trường Đại học Cần Thơ | ||